000 00328nam a2200145Ia 4500
008 150201s2006 xx 000 0 und d
082 _a614
_bC2006S
100 _aSRIDHAR,RAO
245 _aCOMMUNITY HEALTH NURSING
250 _a1ST
260 _bAITBS
_aDELHI
_c2006
300 _a1-579
650 _aNURSING
942 _2ddc
_cBK
999 _c4071
_d4071